[Event "FRA-chT1 0910"]
[Site "France"]
[Date "2009.11.22"]
[Round "5.4"]
[White "Justo, Damian"]
[Black "Gervais, Victor"]
[Result "0-1"]
[WhiteElo "2320"]
[BlackElo "2313"]
[PlyCount "120"]
[EventDate "2009.09.27"]
[EventType "team-tourn"]
[EventRounds "11"]
[EventCountry "FRA"]
[SourceTitle "EXT 2011"]
[Source "ChessBase"]
[SourceDate "2010.11.26"]
[SourceVersion "1"]
[SourceVersionDate "2010.11.26"]
[SourceQuality "1"]

1. d4 Nf6 2. Nf3 d6 3. Nc3 Bf5 4. Nh4 Bd7 5. e4 e5 6. Nf3 Nc6 7. Be2 g6 8. d5 Ne7 9. Bg5 Nh5 10. Ng1 h6 11. Bh4 Nf4 12. Bf6 Rh7 13. Bf3 Qc8 14. Bxe7 Bxe7 15. h4 Kf8 16. g3 Nh5 17. Bxh5 gxh5 18. a4 a6 19. a5 b6 20. Qd3 bxa5 21. Rxa5 Qb7 22. Ra2 Kg7 23. Nge2 Rhh8 24. 0-0 Bh3 25. Rfa1 Rhg8 26. Kh2 Bd7 27. Nd1 Kh7 28. Ne3 Rg7 29. Nf5 Bxf5 30. exf5 Bf6 31. Nc3 Rag8 32. Ne4 Bd8 33. f6 Rg6 34. c4 Kh8 35. Qf3 Qb6 36. b3 Rg4 37. Re1 R8g6 38. Re3 Qd4 39. Rxa6 Bxf6 40. Nxf6 Rxh4+ 41. Kg2 Kg7 42. Re4 Rxe4 43. Nxe4 h4 44. Rc6 hxg3 45. Nxg3 Qa7 46. Kh3 Qb7 47. Qf5 Rg5 48. Qd7 Qxb3 49. Kg2 e4 50. Rxc7 Qf3+ 51. Kg1 e3 52. Qxf7+ Qxf7 53. Rxf7+ Kxf7 54. Kf1 exf2 55. Ne4 Rg6 56. Kxf2 h5 57. c5 dxc5 58. Nxc5 h4 59. Ne4 h3 60. Ng3 h2 0-1

[Event "FRA-chT1 0910"]
[Site "France"]
[Date "2009.10.18"]
[Round "3.6"]
[White "Platel, Alexandre"]
[Black "Justo, Damian"]
[Result "0-1"]
[WhiteElo "2244"]
[BlackElo "2323"]
[PlyCount "92"]
[EventDate "2009.09.27"]
[EventType "team-tourn"]
[EventRounds "11"]
[EventCountry "FRA"]
[SourceTitle "EXT 2011"]
[Source "ChessBase"]
[SourceDate "2010.11.26"]
[SourceVersion "1"]
[SourceVersionDate "2010.11.26"]
[SourceQuality "1"]

1. e4 e6 2. d4 d5 3. Nc3 Bb4 4. Nge2 dxe4 5. a3 Be7 6. Nxe4 Nc6 7. Be3 Nf6 8. N2c3 0-0 9. Ng3 b6 10. Be2 Bb7 11. 0-0 Qc8 12. Qe1 Rd8 13. Rd1 Na5 14. b4 Nc6 15. Nb1 e5 16. c3 exd4 17. cxd4 Nb8 18. Rc1 Re8 19. Qd1 Nd5 20. Bc4 Nd7 21. Nd2 N7f6 22. Nf3 Bd6 23. Qb3 Qd7 24. Bg5 b5 25. Bd3 a6 26. Bf5 Qd8 27. Ne4 h6 28. Bh4 Bf4 29. Rce1 g5 30. Bg3 Bc8 31. Nxf6+ Nxf6 32. Bxf4 Bxf5 33. Rxe8+ Nxe8 34. Be5 Be6 35. Qc2 Bd5 36. Nd2 Qd7 37. Ne4 Qe6 38. Nc5 Qe7 39. Qf5 Rd8 40. Qh3 f6 41. Bg3 Kg7 42. Qf5 Bc4 43. f3 Nd6 44. Qh3 Bxf1 45. Ne6+ Kg6 46. Nxd8 Bc4 0-1

[Event "FRA-chT2 West 0809"]
[Site "France"]
[Date "2009.04.05"]
[Round "11.2"]
[White "Justo, Damian"]
[Black "Le Gallo, Frederic"]
[Result "0-1"]
[WhiteElo "2324"]
[BlackElo "2031"]
[PlyCount "90"]
[EventDate "2008.10.19"]
[EventType "team-tourn"]
[EventRounds "11"]
[EventCountry "FRA"]
[SourceTitle "EXT 2010"]
[Source "ChessBase"]
[SourceDate "2010.11.25"]
[SourceVersion "1"]
[SourceVersionDate "2010.11.25"]
[SourceQuality "1"]
[WhiteTeam "Evry Grand Roque II"]
[BlackTeam "Nantes II"]
[WhiteTeamCountry "FRA"]
[BlackTeamCountry "FRA"]

1. d4 Nf6 2. Nf3 g6 3. Nc3 d5 4. Bf4 c6 5. e3 Bg7 6. Qe2 0-0 7. Ne5 Nfd7 8. Qd2 Nxe5 9. Bxe5 f6 10. Bg3 Nd7 11. h4 h5 12. Bd3 f5 13. Ne2 e5 14. c3 e4 15. Bc2 Nf6 16. Be5 a5 17. Nf4 Kh7 18. b3 Bh6 19. c4 dxc4 20. bxc4 Ng4 21. f3 Nxe5 22. dxe5 Qxd2+ 23. Kxd2 Bg7 24. fxe4 Bxe5 25. Raf1 Rd8+ 26. Kc1 b5 27. exf5 Bxf5 28. Bxf5 gxf5 29. Nxh5 Bc3 30. Rf2 bxc4 31. Ng3 Rab8 32. Rc2 Bb4 33. Re2 Rd3 34. Kc2 Rc3+ 35. Kb2 a4 36. Nxf5 a3+ 37. Ka1 Rd3 38. Rc2 Bc3+ 39. Rxc3 Rxc3 40. Rb1 Rd8 41. g4 Rd2 42. h5 Rcc2 43. Rb7+ Kg8 44. g5 Rc1+ 45. Rb1 Rdd1 0-1

[Event "FRA-chT2 West 0809"]
[Site "France"]
[Date "2009.03.14"]
[Round "8.2"]
[White "Coursaget, Nicolas"]
[Black "Justo, Damian"]
[Result "0-1"]
[WhiteElo "2303"]
[BlackElo "2324"]
[PlyCount "64"]
[EventDate "2008.10.19"]
[EventType "team-tourn"]
[EventRounds "11"]
[EventCountry "FRA"]
[SourceTitle "EXT 2010"]
[Source "ChessBase"]
[SourceDate "2010.11.25"]
[SourceVersion "1"]
[SourceVersionDate "2010.11.25"]
[SourceQuality "1"]
[WhiteTeam "Lisieux"]
[BlackTeam "Evry Grand Roque II"]
[WhiteTeamCountry "FRA"]
[BlackTeamCountry "FRA"]

1. d4 e6 2. c4 Nf6 3. Nf3 c5 4. d5 d6 5. Nc3 exd5 6. cxd5 g6 7. e4 a6 8. Bd3 b5 9. h3 Bg7 10. 0-0 Nbd7 11. Bf4 Qe7 12. Re1 0-0 13. Qd2 Nh5 14. Bh2 Ne5 15. Nxe5 Bxe5 16. Bxe5 Qxe5 17. Ne2 g5 18. Qc3 f6 19. Rad1 Bd7 20. Bb1 b4 21. Qf3 Nf4 22. Nxf4 gxf4 23. b3 Kh8 24. Kh2 Rg8 25. Bd3 Rg6 26. Bf1 Rag8 27. Bxa6 Rxg2+ 28. Kh1 Qg5 29. Rf1 Qh4 30. Rd3 Qg5 31. Rdd1 Be8 32. Be2 Bh5 0-1

[Event "FRA-chT2 West 0809"]
[Site "France"]
[Date "2009.02.08"]
[Round "7.5"]
[White "Cohen, Aurelien"]
[Black "Justo, Damian"]
[Result "0-1"]
[WhiteElo "2232"]
[BlackElo "2324"]
[PlyCount "132"]
[EventDate "2008.10.19"]
[EventType "team-tourn"]
[EventRounds "11"]
[EventCountry "FRA"]
[SourceTitle "EXT 2010"]
[Source "ChessBase"]
[SourceDate "2010.11.25"]
[SourceVersion "1"]
[SourceVersionDate "2010.11.25"]
[SourceQuality "1"]
[WhiteTeam "Stade Francais Jeen"]
[BlackTeam "Evry Grand Roque II"]
[WhiteTeamCountry "FRA"]
[BlackTeamCountry "FRA"]

1. e4 e6 2. d4 d5 3. Nd2 c5 4. exd5 Qxd5 5. Ngf3 cxd4 6. Bc4 Qd6 7. 0-0 Nf6 8. Nb3 Nc6 9. Nbxd4 Nxd4 10. Qxd4 Bd7 11. Be3 Qxd4 12. Bxd4 Rc8 13. Ne5 Ng4 14. Nxd7 Rxc4 15. Rad1 Bd6 16. Bxg7 Bxh2+ 17. Kh1 Rg8 18. Bc3 Bf4 19. f3 Rg6 20. fxg4 Rh6+ 21. Kg1 Be3+ 22. Rf2 Rf4 23. Be1 Rxg4 24. Rd3 Rgh4 25. Kf1 Bxf2 26. Bxf2 Rc4 27. c3 b6 28. Ne5 Rh1+ 29. Bg1 Ra4 30. a3 f6 31. Nf3 Rh5 32. Rd4 Rxd4 33. Nxd4 Kd7 34. c4 Rh4 35. b3 e5 36. Nb5 a6 37. Nc3 Kc6 38. a4 Rg4 39. Bf2 Rg7 40. g3 f5 41. Nd5 b5 42. Nb4+ Kb7 43. cxb5 axb5 44. a5 Rc7 45. a6+ Ka8 46. Nd5 Rc1+ 47. Ke2 Rc2+ 48. Ke1 Rc1+ 49. Kd2 Ra1 50. Nc7+ Kb8 51. Bb6 h5 52. a7+ Rxa7 53. Bxa7+ Kxc7 54. Kc3 Kc6 55. Kb4 Kd5 56. Kxb5 f4 57. gxf4 exf4 58. Bf2 Ke4 59. Kc4 Kf3 60. Bh4 Kg4 61. Bf2 h4 62. b4 h3 63. Bg1 f3 64. b5 f2 65. Bxf2 h2 66. b6 h1Q 0-1